| 000 | 01047 a2200253 4500 | ||
|---|---|---|---|
| 003 | MN-UlNLM | ||
| 005 | 20220823112747.0 | ||
| 008 | a130t2002 mp ||||| |||| 00| 0 mon d | ||
| 020 | _a99929-5-192-3 | ||
| 040 | _aМонгол Улсын Үндэсний номын сан | ||
| 084 |
_a78.5 _2NNA _bЦ 943 _q7 |
||
| 100 | 1 | _aЦэзэн Ж. | |
| 110 | _aСУИС, Соёл урлаг судлалын хүрээлэн | ||
| 245 | 0 |
_aМонгол ном зүйн онол түүхийн зарим асуудал _cРед. Л.Хүрэлбаатар, Ш.Чоймаа. |
|
| 250 | _a1 | ||
| 260 | 1 |
_c2002 _aУБ _bБембисан |
|
| 300 | _a290х | ||
| 546 | _aMB | ||
| 653 |
_aСоёл, шинжлэх ухаан боловсрол _aНомын сан судлал _aНомзүй |
||
| 740 |
_aМонгол номзүйн түүхэн уламжлал. _aМонгол номзүйн мэдээллийн төрөл. _aНомзүйн бүртгэл. _aНомзүйн ангилал. |
||
| 856 | _aprintbook | ||
| 942 | _cBK | ||
| 999 |
_c67606 _d67606 |
||